Named Tempest Characters Quiz Stats

 Plays Quiz not verified by Sporcle

Score 0/16 Timer 05:00
0 Plays Today
Description Name % Correct
An exiled Duke and a magicianProspero
95.4%
The protagonist's daughterMiranda
92.6%
A spiritAriel
91.4%
The witch's sonCaliban
91%
A prince of NaplesFerdinand
84%
The King of NaplesAlonso
80.5%
The Duke of MilanAntonio
80.5%
The brother of the King of NaplesSebastian
76.1%
Description Name % Correct
A jesterTrinculo
75.4%
A drunken butlerStephano
72.2%
Helped out the protagonist and his daughterGonzalo
69.6%
A goddess of agricultureCeres
57.8%
The patron goddess of GreeceJuno
55.2%
A goddess of the rainbowIris
54.5%
Two lordsAdrian or Francisco
3.7%
1.6%

You're not logged in!

Compare scores with friends on all Sporcle quizzes.
OR
Log In

Show Comments

Extras

Created Nov 16, 2010ReportNominate
Tags:Shakespeare Quiz, character

Top Quizzes Today


Score Distribution

Your Account Isn't Verified!

In order to create a playlist on Sporcle, you need to verify the email address you used during registration. Go to your Sporcle Settings to finish the process.

Report this User

Report this user for behavior that violates our Community Guidelines.

Details: